Articles concluded and agreed upon by the Society of the White-writing and Printing Paper Manufactory of Scotland, : in a general meeting at Edinburgh the nineteen day of August one thousand six hundred and ninety five years, in the terms whereof partners are to be assumed.

Bibliographic Details
Format: eBook
Language:English
Published: [Edinburgh? : publisher not identified, 1695?]
Series:Early English books online.
Subjects:
Online Access:Connect to the full text of this electronic book

MARC

Tag First Indicator Second Indicator Subfields
LEADER 00000nam a2200000Ia 4500
001 in00004324821
005 20200812085942.0
006 m g d
007 cr bn |||a|bb|
008 001208s1695 stk o 000 0 eng d
035 |a (OCoLC)45504696 
040 |a EAE  |e dcrb  |c EAE 
037 |a CL0037000109  |b ProQuest Information and Learning. 300 N. Zeeb Rd., Ann Arbor, MI 48106 
043 |a e-uk-st 
090 |a HD9831.7  |b .S36 
049 |a UMIA 
245 1 0 |a Articles concluded and agreed upon by the Society of the White-writing and Printing Paper Manufactory of Scotland, :  |b in a general meeting at Edinburgh the nineteen day of August one thousand six hundred and ninety five years, in the terms whereof partners are to be assumed. 
260 |a [Edinburgh? :  |b publisher not identified,  |c 1695?] 
300 |a 1 online resource (8 pages) 
336 |a text  |b txt  |2 rdacontent 
337 |a computer  |b c  |2 rdamedia 
338 |a online resource  |b cr  |2 rdacarrier 
500 |a Caption title. 
500 |a Place and date of publication from Wing (2nd edition). 
500 |a Reproduction of original in: British Library. 
510 4 |a Wing (2nd edition)  |c A3817B 
533 |a Electronic reproduction.  |b Ann Arbor, Mich. :  |c UMI,  |d 1999-  |f (Early English books online)  |n Digital version of: (Early English books, 1641-1700 ; 2577:24)  |7 s1999 miun s 
650 0 |a Paper industry  |z Scotland  |v Early works to 1800. 
610 2 0 |a Society of the White-writing and Printing Paper Manufactory of Scotland. 
830 0 |a Early English books online. 
856 4 0 |u http://proxy.library.tamu.edu/login?url=https://search.proquest.com/docview/2240869796  |z Connect to the full text of this electronic book  |t 0 
999 f f |s bf41cb8e-478c-344f-9c0e-2dc71a5b4e40  |i b9e9d0ba-b86d-3ac4-a3ff-4773ee0bd4bf  |t 0 
952 f f |a Texas A&M University  |b College Station  |c Electronic Resources  |d Available Online  |t 0  |e HD9831.7 .S36  |h Library of Congress classification 
998 f f |a HD9831.7 .S36  |t 0  |l Available Online